| 000 | 00565nam a22001937a 4500 | ||
|---|---|---|---|
| 005 | 20251108164734.0 | ||
| 008 | 250721s1992 xx 000 0 ara d | ||
| 082 | 1 | 4 | _a808.068109/عبد |
| 100 | 1 | _aجعفر، عبد الرزاق | |
| 245 | 1 | 0 | _aأسطورة الأطفال الشعراء / |
| 264 | 1 |
_aبيروت : _bدار الجيل، _c1992. |
|
| 300 | _a254ص | ||
| 650 | 1 | 7 | _aأدب الأطفال |
| 650 | 1 | 7 | _aالتاريخ الأدبي |
| 650 | 1 | 7 | _aالنقد الأدبي |
| 650 | 1 | 7 | _aشعر الأطفال |
| 942 |
_2ddc _cBK |
||
| 999 |
_c13173 _d13173 |
||